[Event "2022 Welsh Open "]
[Site "Cardiff"]
[Date "2022.04.16"]
[Round "4"]
[Board "15"]
[White "Parri, Deio"]
[Black "Kong, Emma Zihan"]
[Result "1/2-1/2"]
[WhiteElo "1635"]
[BlackElo "1152"]
[PlyCount "87"]
[EventDate "2022.04.15"]
[EventRounds "7"]
[EventCountry "WLS"]

1. d4 d5 2. c4 c6 3. Nc3 Bf5 4. Nf3 Nf6 5. Bf4 e6 6. e3 Nbd7 7. Be2 Be7 8. O-O O-O
9. a3 a6 10. Nd2 h6 11. Bg3 Nh7 12. f3 Nb6 13. Bf2 Bg6 14. e4 f6 15. Bd3 e5 16. dxe5
fxe5 17. Qb3 d4 18. Ne2 Bf7 19. Qc2 c5 20. f4 Bd6 21. Nf3 Nd7 22. f5 Bh5 23. Bh4
Be7 24. Bg3 Bf6 25. Kh1 Rc8 26. Neg1 Re8 27. Be1 b5 28. cxb5 axb5 29. Bxb5 Kh8 30.
Bc4 Qe7 31. Bg3 Nhf8 32. Rae1 Nb6 33. Bb5 Red8 34. Qd3 Nfd7 35. Re2 Bf7 36. Rc1 Rc7
37. Be1 Rdc8 38. b3 Qf8 39. a4 Qg8 40. a5 Na8 41. Nd2 Qf8 42. Ngf3 Qe7 43. Nc4 Bxc4
44. Bxc4  1/2-1/2

[Event "2022 Welsh Open "]
[Site "Cardiff"]
[Date "2022.04.16"]
[Round "4"]
[Board "16"]
[White "Fowler, Caspian"]
[Black "Hurn, Robert Aj"]
[Result "1/2-1/2"]
[WhiteElo "1475"]
[BlackElo "1609"]
[PlyCount "55"]
[EventDate "2022.04.15"]
[EventRounds "7"]
[EventCountry "WLS"]

1. e4 c5 2. c3 Nf6 3. e5 Nd5 4. d4 cxd4 5. Nf3 Nc6 6. cxd4 d6 7. Bc4 Nb6 8. Bb5 a6
9. Bxc6+ bxc6 10. O-O e6 11. Nc3 d5 12. Na4 Nxa4 13. Qxa4 Bd7 14. Bd2 a5 15. Qc2
Be7 16. Ne1 Qb6 17. Be3 f5 18. f4 O-O 19. Nd3 Ra7 20. b3 Rc7 21. Nc5 Bxc5 22. Qxc5
Qxc5 23. dxc5 Ra8 24. a4 Rb7 25. Rfb1 Rb4 26. Kf2 Bc8 27. g3 Kf7 28. Rb2  1/2-1/2

[Event "2022 Welsh Open "]
[Site "Cardiff"]
[Date "2022.04.16"]
[Round "4"]
[Board "18"]
[White "Dixon, Chris"]
[Black "Hollyman, Mike"]
[Result "1-0"]
[WhiteElo "1735"]
[BlackElo "1329"]
[PlyCount "117"]
[EventDate "2022.04.15"]
[EventRounds "7"]
[EventCountry "WLS"]

1. e4 d5 2. exd5 Nf6 3. d4 Bg4 4. Be2 Bxe2 5. Qxe2 Qxd5 6. Nf3 Nc6 7. c3 O-O-O 8.
O-O h6 9. Nbd2 e6 10. b4 Bd6 11. b5 Ne7 12. c4 Qh5 13. Re1 c5 14. bxc6 Nxc6 15. Nf1
Rhe8 16. Rb1 Qg6 17. Qb2 Rd7 18. d5 Nb4 19. dxe6 Rxe6 20. Rxe6 fxe6 21. Be3 Qc2 22.
Qxc2 Nxc2 23. Bxa7 b5 24. Rc1 Rxa7 25. Rxc2 Rc7 26. Ne3 Kb7 27. cxb5 Nd5 28. Rxc7+
Nxc7 29. a4 Kb6 30. Nc4+ Kc5 31. Nxd6 Kxd6 32. Kf1 Kc5 33. Ke2 Nd5 34. Kd2 Kb4 35.
Nd4 e5 36. Nc6+ Kxa4 37. b6 Nxb6 38. Nxe5 Nd5 39. g3 Kb4 40. Kd3 Kc5 41. Ke4 Kd6
42. f4 Ke6 43. f5+ Kd6 44. g4 Nf6+ 45. Kf4 Nd5+ 46. Ke4 Nf6+ 47. Kd4 Ke7 48. h3 h5
49. g5 Nh7 50. h4 Nf8 51. Kd5 Nh7 52. Ng6+ Kf7 53. Nf4 Nf8 54. Nxh5 g6 55. Nf4 gxf5
56. Ke5 Kg7 57. Kxf5 Nd7 58. h5 Nc5 59. Ne6+  1-0

[Event "2022 Welsh Open "]
[Site "Cardiff"]
[Date "2022.04.16"]
[Round "4"]
[Board "19"]
[White "Williams, Duncan"]
[Black "Westcott, Dale"]
[Result "1-0"]
[WhiteElo "1725"]
[BlackElo "1250"]
[PlyCount "55"]
[EventDate "2022.04.15"]
[EventRounds "7"]
[EventCountry "WLS"]

1. e4 c6 2. Nf3 d5 3. Nc3 dxe4 4. Nxe4 Nf6 5. Qe2 Nxe4 6. Qxe4 Nd7 7. d4 Nf6 8. Qd3
Bg4 9. h3 Bh5 10. Nh4 e6 11. g4 Bg6 12. Nxg6 hxg6 13. Bg2 Bd6 14. Bg5 Qa5+ 15. Bd2
Qb6 16. f4 Qxb2 17. O-O Qa3 18. c3 Rd8 19. Rfb1 Bc5 20. Rb3 Qa4 21. Rxb7 Bb6 22.
f5 gxf5 23. gxf5 exf5 24. Qe3+ Ne4 25. Bxe4 Bxd4 26. cxd4 Qxd4 27. Bxc6+ Kf8 28.
Qxd4  1-0

[Event "2022 Welsh Open "]
[Site "Cardiff"]
[Date "2022.04.16"]
[Round "4"]
[Board "20"]
[White "Norris, David"]
[Black "Thomas, Roy"]
[Result "0-1"]
[WhiteElo "1554"]
[BlackElo "1689"]
[PlyCount "64"]
[EventDate "2022.04.15"]
[EventRounds "7"]
[EventCountry "WLS"]

1. e4 c5 2. Nf3 Nc6 3. c3 Nf6 4. e5 Nd5 5. d4 cxd4 6. Bc4 Nb6 7. Qb3 Nxc4 8. Qxc4
g6 9. cxd4 Bg7 10. h4 d6 11. Nc3 dxe5 12. O-O exd4 13. Rd1 O-O 14. Bg5 h6 15. h5
hxg5 16. hxg6 Ne5 17. Nxe5 Bxe5 18. Qe2 Qd6 19. Ne4 Qxg6 20. Rac1 Bf5 21. Nc5 Qf6
22. g4 Be6 23. Re1 Bf4 24. Nxe6 fxe6 25. Qxe6+ Qxe6 26. Rxe6 Kf7 27. Rce1 Rfe8 28.
Rh6 d3 29. Rh7+ Kg6 30. Rhxe7 Rxe7 31. Rxe7 d2 32. Rd7 Re8  0-1

[Event "2022 Welsh Open "]
[Site "Cardiff"]
[Date "2022.04.16"]
[Round "4"]
[Board "22"]
[White "Owen, Bob"]
[Black "Binesmael, Mohamed"]
[Result "0-1"]
[WhiteElo "1320"]
[BlackElo "1642"]
[PlyCount "38"]
[EventDate "2022.04.15"]
[EventRounds "7"]
[EventCountry "WLS"]

1. d4 Nf6 2. e3 e6 3. Bd3 c5 4. c3 b6 5. Nf3 Bb7 6. Nbd2 Bd6 7. O-O g5 8. Ne5 Nc6
9. f4 gxf4 10. exf4 cxd4 11. Ne4 Nxe4 12. Bxe4 Qf6 13. Nxc6 dxc6 14. Qxd4 Bc5 15.
Be3 Bxd4 16. Bxd4 Qe7 17. Bxh8 f6 18. Rae1 O-O-O 19. Bf5 Qc5+  0-1

[Event "2022 Welsh Open "]
[Site "Cardiff"]
[Date "2022.04.16"]
[Round "4"]
[Board "24"]
[White "Frame, Rob"]
[Black "Probert, Malcolm"]
[Result "0-1"]
[WhiteElo "1008"]
[BlackElo "1575"]
[PlyCount "92"]
[EventDate "2022.04.15"]
[EventRounds "7"]
[EventCountry "WLS"]

1. e4 c6 2. d4 d5 3. e5 Na6 4. c4 Nc7 5. Nc3 g6 6. Bg5 Bg7 7. Qd2 h5 8. h4 Nh6 9.
a4 Nf5 10. c5 Ne6 11. Nf3 b6 12. b4 bxc5 13. bxc5 Rb8 14. Rb1 Rxb1+ 15. Nxb1 Bb7
16. Be2 Qc8 17. Qd3 O-O 18. Bd2 Qc7 19. Bc3 Nf4 20. Qd2 Bh6 21. Qd1 Nxg2+ 22. Kf1
Nge3+ 23. fxe3 Nxe3+ 24. Kf2 Nxd1+ 25. Bxd1 f6 26. e6 Rb8 27. Rg1 Kh7 28. Bc2 Rg8
29. Bd2 Bxd2 30. Nbxd2 Kh6 31. Nf1 g5 32. Ne3 g4 33. Nf5+ Kh7 34. Nxe7+ Kh8 35. Nxg8
Kxg8 36. Bg6 Qf4 37. Bf7+ Kf8 38. Rg3 Ke7 39. Bxh5 gxf3 40. Rg7+ Kxe6 41. Bf7+ Kf5
42. Bg6+ Kg4 43. Bf7+ Kh3 44. Be6+ Kh2 45. Rg4 Qd2+ 46. Kf1 Qe2#  0-1

[Event "2022 Welsh Open "]
[Site "Cardiff"]
[Date "2022.04.16"]
[Round "4"]
[Board "25"]
[White "Pugh, Noah"]
[Black "Maguire, Steve"]
[Result "1-0"]
[WhiteElo "1450"]
[BlackElo "856"]
[PlyCount "69"]
[EventDate "2022.04.15"]
[EventRounds "7"]
[EventCountry "WLS"]

1. c4 e5 2. Nc3 Bc5 3. g3 Nf6 4. Bg2 O-O 5. e3 Nc6 6. a3 a6 7. Nge2 d6 8. b4 Ba7
9. Bb2 Be6 10. d3 Qd7 11. Nd5 Ne8 12. O-O Bh3 13. Rc1 Bxg2 14. Kxg2 Ne7 15. Nxe7+
Qxe7 16. d4 Rd8 17. Qc2 exd4 18. Nxd4 Bxd4 19. Bxd4 c5 20. Bb2 Nf6 21. Rfd1 Rfe8
22. Rd2 Qe4+ 23. Qxe4 Nxe4 24. Rd3 Re6 25. f3 Nf6 26. bxc5 d5 27. Bxf6 Rxf6 28. cxd5
Kf8 29. e4 Ke7 30. Rb3 Rd7 31. Rcb1 b5 32. c6 Ra7 33. a4 bxa4 34. Rb7+ Rxb7 35. cxb7
 1-0

[Event "2022 Welsh Open "]
[Site "Cardiff"]
[Date "2022.04.16"]
[Round "4"]
[Board "26"]
[White "Cox, John"]
[Black "Edwards, Jonathan Simon"]
[Result "1-0"]
[WhiteElo "1431"]
[BlackElo "1071"]
[PlyCount "155"]
[EventDate "2022.04.15"]
[EventRounds "7"]
[EventCountry "WLS"]

1. e4 Nf6 2. Nc3 e5 3. Nf3 Nc6 4. d4 exd4 5. Nxd4 Bb4 6. f3 Ne5 7. Bf4 Ng6 8. Bg5
O-O 9. a3 Ba5 10. b4 Bb6 11. Nd5 Re8 12. Nxb6 cxb6 13. Bd3 d5 14. O-O dxe4 15. Bb5
Bd7 16. fxe4 Bxb5 17. Nxb5 Qxd1 18. Raxd1 Re5 19. Bxf6 gxf6 20. Nc7 Rc8 21. Nd5 Rxc2
22. Nxf6+ Kg7 23. Rd7 Rg5 24. g3 Ne5 25. Rxb7 h5 26. Kh1 Nd3 27. Ne8+ Kh6 28. Rf6+
Rg6 29. Rxg6+ Kxg6 30. Rxa7 Nf2+ 31. Kg1 Nxe4 32. Rd7 Ra2 33. Nd6 Ra1+ 34. Kg2 Ra2+
35. Kf1 Nd2+ 36. Ke1 Nf3+ 37. Kf1 Nxh2+ 38. Kg1 Nf3+ 39. Kf1 Ra1+ 40. Ke2 Ne5 41.
Rb7 Rxa3 42. Rxb6 Rxg3 43. Ne4+ Kf5 44. Nxg3+ Kg4 45. Nxh5 Nc4 46. Rh6 Kg5 47. Rh8
Nb2 48. b5 Nc4 49. Ng3 f5 50. Rc8 Nd6 51. Rg8+ Kf4 52. b6 Nb7 53. Rg7 Nd8 54. b7
Nc6 55. Rg8 Nd4+ 56. Kd1 Nc6 57. b8=Q+ Nxb8 58. Rxb8 Kxg3 59. Ke1 f4 60. Kf1 f3 61.
Rg8+ Kf4 62. Kf2 Ke4 63. Rf8 Ke5 64. Rxf3 Ke4 65. Ke2 Kd4 66. Re3 Kc4 67. Rd3 Kb4
68. Kd2 Ka4 69. Rc3 Kb4 70. Kc2 Ka4 71. Rb3 Ka5 72. Kc3 Ka4 73. Rb8 Ka5 74. Kc4 Ka6
75. Kc5 Ka7 76. Rb2 Ka6 77. Rb3 Ka5 78. Ra3#  1-0

[Event "2022 Welsh Open "]
[Site "Cardiff"]
[Date "2022.04.16"]
[Round "4"]
[Board "28"]
[White "Beeston, Darson"]
[Black "Liyanage, Hasini Pamuditha"]
[Result "0-1"]
[WhiteElo "1100"]
[BlackElo "1117"]
[PlyCount "72"]
[EventDate "2022.04.15"]
[EventRounds "7"]
[EventCountry "WLS"]

1. d4 Nf6 2. Bf4 g6 3. Nf3 Bg7 4. Nbd2 d6 5. e3 O-O 6. Bc4 Bg4 7. h3 Bxf3 8. Qxf3
d5 9. Bd3 c6 10. O-O Qb6 11. b3 Qb4 12. Rfd1 Nh5 13. Bh2 e6 14. a3 Qb6 15. g4 Nf6
16. Be5 Nbd7 17. Qf4 Nxe5 18. dxe5 Nd7 19. Nf3 Qc7 20. c4 Nxe5 21. cxd5 Nxf3+ 22.
Qxf3 Bxa1 23. dxc6 Qxc6 24. Be4 Qc3 25. Rd3 Qe1+ 26. Kg2 Rad8 27. Rxd8 Rxd8 28. Bxb7
Rd1 29. Kg3 Be5+ 30. Kh4 Qd2 31. Ba6 Qd8+ 32. g5 h6 33. Qg4 hxg5+ 34. Qxg5 Qxg5+
35. Kxg5 Rg1+ 36. Kh4 Bf6#  0-1

[Event "2022 Welsh Open "]
[Site "Cardiff"]
[Date "2022.04.17"]
[Round "5"]
[Board "1"]
[White "Havard, Gwyn"]
[Black "Vlkova, Anezka"]
[Result "1-0"]
[WhiteElo "1916"]
[BlackElo "1938"]
[PlyCount "0"]
[EventDate "2022.04.15"]
[EventRounds "7"]
[EventCountry "WLS"]

1. e4 e6 2. d4 d5 3. exd5 exd5 4. Bd3 c5 5. Qe2+ Be7 6. dxc5 Nf6 7. Nf3 O-O 8. O-O
Re8 9. Bg5 h6 10. Bh4 Ne4 11. Bxe7 Qxe7 12. Re1 Qxc5 13. Nc3 f5 14. Nxd5 Bd7 15.
b4 Qd6 16. Bc4 Kh8 17. Rad1 Na6 18. Ne3 Qc7 19. Bxa6 bxa6 20. Qxa6 f4 21. Qc4 Qb7
22. Nd5 Rac8 23. Qd4 Bf5 24. c4 Qc6 25. Ne5 Qe6 26. Nd3 f3 27. N3f4 Qf7 28. g4 Bh7
29. Re3 Qd7 30. h3 Ng5 31. Rde1 Rxe3 32. Rxe3 Re8 33. Nf6 Qxd4 34. Rxe8+  1-0

[Event "2022 Welsh Open "]
[Site "Cardiff"]
[Date "2022.04.17"]
[Round "5"]
[Board "2"]
[White "Espinosa Delgado, Miguel"]
[Black "Fowler, Hugo"]
[Result "1/2-1/2"]
[WhiteElo "1878"]
[BlackElo "1840"]
[PlyCount "0"]
[EventDate "2022.04.15"]
[EventRounds "7"]
[EventCountry "WLS"]

1. d4 Nf6 2. c4 g6 3. Nc3 d5 4. Nf3 Bg7 5. Qb3 dxc4 6. Qxc4 a6 7. Bf4 b5 8. Qxc7
Qxc7 9. Bxc7 b4 10. Na4 Nbd7 11. Rc1 O-O 12. e3 Bb7 13. Be2 Rfc8 14. O-O Nd5 15.
Bg3 Bc6 16. Nc5 Nxc5 17. Rxc5 Bb5 18. Rfc1 Rxc5 19. Rxc5 Bxe2 20. Rxd5 Bc4 21. Rc5
Bxa2 22. Nd2 Be6 23. Nc4 Rc8 24. Rxc8+ Bxc8 25. b3 Be6 26. Na5 Bd5 27. Kf1 f5 28.
f3 Kf7 29. Be1 e5 30. dxe5 Bxe5 31. Bxb4 Bxh2 32. Kf2 Bc7 33. Ke2 Ke6 34. Kd3 Kd7
35. Bc3 Bxa5 36. Bxa5 Bxb3 37. e4 fxe4+ 38. Kxe4 h5 39. g3 Kc6 40. f4 Kb5 41. Bd8
a5 42. Kd4 a4 43. Kc3 Kc5 44. Kb2 Kd4 45. Be7 Ke3 46. Bh4 Kf3   1/2-1/2

[Event "2022 Welsh Open "]
[Site "Cardiff"]
[Date "2022.04.17"]
[Round "5"]
[Board "3"]
[White "Van Veelen, Thomas"]
[Black "Jukes, Sam"]
[Result "1/2-1/2"]
[WhiteElo "1998"]
[BlackElo "1850"]
[PlyCount "0"]
[EventDate "2022.04.15"]
[EventRounds "7"]
[EventCountry "WLS"]

1. d4 Nf6 2. Nf3 g6 3. g3 Bg7 4. Bg2 O-O 5. O-O d5 6. c4 c6 7. Nc3 Ne4 8. Qb3 dxc4
9. Qxc4 Nxc3 10. bxc3 Qd5 11. Ne5 Qxc4 12. Nxc4 Be6 13. Na5 b6 14. Nb3 a5 15. Ba3
Ra7 16. Rab1 Rc8 17. Rfd1 f5 18. e4 fxe4 19. Re1 Bd5 20. Bxe4 Kf7 21. Re3 Bf6 22.
Rbe1 Bxe4 23. Rxe4 a4 24. Nd2 c5 25. Nc4 cxd4 26. Nxb6 Rxc3 27. Bb2 Rc6 28. Nd5 Rd6
29. Nxf6 exf6 30. Bxd4 Rad7 31. Bc5 Rd1 32. Rxd1 Rxd1+ 33. Kg2 Nd7 34. Be3 a3 35.
Ra4 Rd3 36. Bc1 Nc5 37. Ra7+ Ke6 38. Bxa3 Ne4 39. Bb4 h5 40. Ba5 Ra3 41. Bb6 Rxa7
42. Bxa7 Nc3 43. a3 Kd5 44. Bb6 Kc6 45. Bd4 Nd5 46. Kf3 f5 47. Ke2 f4 48. Kf3 fxg3
49. fxg3 Nc7 50. Ke4 Ne6 51. Ke5 Ng5 52. h4 Nf3+ 53. Ke4 Nd2+ 54. Kf4 Kd5 55. Bf6
Ne4 56. Bd8 Nc5 57. Ba5 Ne6+ 58. Ke3 g5 59. g4 gxh4 60. gxh5 Ng7 61. Kf4 Nxh5+ 62.
Kg4  1/2-1/2

[Event "2022 Welsh Open "]
[Site "Cardiff"]
[Date "2022.04.17"]
[Round "5"]
[Board "4"]
[White "Williams, Stephen"]
[Black "Thomas, Mark"]
[Result "1-0"]
[WhiteElo "1570"]
[BlackElo "1919"]
[PlyCount "0"]
[EventDate "2022.04.15"]
[EventRounds "7"]
[EventCountry "WLS"]

1. d4 g6 2. c4 Bg7 3. Nc3 d6 4. e4 a6 5. Be3 c6 6. Bd3 Nf6 7. h3 b5 8. Nf3 O-O 9.
O-O Nbd7 10. cxb5 axb5 11. Rc1 Bb7 12. Qc2 e5 13. dxe5 dxe5 14. Rfd1 Qe7 15. a3 h6
16. Na2 Rac8 17. Nb4 Rfd8 18. Qb1 Nh5 19. g3 Nhf6 20. Kg2 Ne8 21. Rc3 Kh7 22. Rdc1
Qe6 23. Qc2 Nb8 24. Bb6 Rd4 25. Bxd4 exd4 26. Rc5 Nd7 27. Rxc6 Bxc6 28. Nxc6 Nd6
29. Qb1 Nc4 30. Ncxd4 Qb6 31. Ne2 Rc6 32. Bxc4 bxc4 33. Nc3 Qb7 34. Qc2 Nc5 35. Qe2
Nd3 36. Rc2 Re6 37. Nd2 Nxb2 38. Nxc4 Nxc4 39. Qxc4 Bxc3 40. Rxc3 Rxe4 41. Qc6 Qe7
42. Qc7 Kg7 43. Qxe7 Rxe7 44. a4 Re5 45. Re3 Rc5 46. Ra3 Ra5 47. h4 Kf6 48. Rf3+
Ke6 49. Rf4 f5 50. Rb4 Ra6 51. f3 g5 52. Kf2 Kf6 53. Ke3 Kg6 54. hxg5 hxg5 55. Kd3
Kh5 56. Kc4 Ra5 57. Kb3 Re5 58. Rc4 Re3+ 59. Rc3 f4 60. Rxe3 fxe3 61. Kc3  1-0

[Event "2022 Welsh Open "]
[Site "Cardiff"]
[Date "2022.04.17"]
[Round "5"]
[Board "6"]
[White "Taylor, Robert Graham"]
[Black "Harding, Gareth"]
[Result "1-0"]
[WhiteElo "1805"]
[BlackElo "1829"]
[PlyCount "0"]
[EventDate "2022.04.15"]
[EventRounds "7"]
[EventCountry "WLS"]

1. Nf3 d5 2. b3 c5 3. Bb2 Nf6 4. e3 Nc6 5. Be2 Bf5 6. O-O e6 7. d4 Be7 8. Nbd2 O-O
9. c4 cxd4 10. Nxd4 Bg6 11. N2f3 Rc8 12. Nh4 a6 13. Nxg6 hxg6 14. Rc1 Qd6 15. Nxc6
Rxc6 16. Bf3 Rfc8 17. Qd4 e5 18. Qxe5 Qxe5 19. Bxe5 b5 20. Bxf6 Bxf6 21. Bxd5 Rc5
22. Bb7 R8c7 23. Bxa6 b4 24. Bb5 Ra7 25. Ba4 Kf8 26. Rcd1 Bb2 27. Rd2 Bc3 28. Rd3
Ke7 29. Rfd1 Rcc7 30. Kf1 Bb2 31. Ke2  1-0

[Event "2022 Welsh Open "]
[Site "Cardiff"]
[Date "2022.04.17"]
[Round "5"]
[Board "7"]
[White "Smith, Chris P"]
[Black "Morgans, Justin"]
[Result "1-0"]
[WhiteElo "1454"]
[BlackElo "1618"]
[PlyCount "0"]
[EventDate "2022.04.15"]
[EventRounds "7"]
[EventCountry "WLS"]

1. d4 d5 2. c4 e6 3. Nc3 Nf6 4. cxd5 exd5 5. Bg5 Be7 6. e3 O-O 7. Bd3 c6 8. Qc2 h6
9. Bh4 Bg4 10. Nge2 Bxe2 11. Nxe2 Nbd7 12. O-O Ne8 13. Bg3 Bd6 14. Nf4 Qc7 15. b4
Bxf4 16. Bxf4 Qb6 17. Rab1 Nef6 18. b5 c5 19. dxc5 Nxc5 20. Be5 Nxd3 21. Qxd3 Qe6
22. Bxf6 gxf6 23. Qd4 Rfc8 24. Rfd1 Rd8 25. Rb4 Qe4 26. h3 Qe5 27. Qf4 Qxf4 28. Rxf4
Rd6 29. Rfd4 Rad8 30. e4 a6 31. bxa6 bxa6 32. Rxd5 Rxd5 33. exd5 Rd6 34. f4 f5 35.
Kf2 Kf8 36. Ke3 Ke7 37. Kd4 Rg6 38. Rd2 f6 39. Kc5 Rg3 40. d6+ Kd7 41. a4 Rc3+ 42.
Kb4 Re3 43. a5 Re4+ 44. Kc5 Rxf4 45. Kb6 Rb4+ 46. Kxa6 f4 47. Rd5 Rb2 48. Rf5 Ke6
49. Rxf4 Rd2 50. Rb4 Rxg2 51. Kb6 Kxd6 52. a6 Rc2 53. a7   1-0

[Event "2022 Welsh Open "]
[Site "Cardiff"]
[Date "2022.04.17"]
[Round "5"]
[Board "8"]
[White "Chong, Kimberly"]
[Black "Bridges, Paul"]
[Result "1/2-1/2"]
[WhiteElo "1765"]
[BlackElo "1768"]
[PlyCount "0"]
[EventDate "2022.04.15"]
[EventRounds "7"]
[EventCountry "WLS"]

1. e4 c5 2. c3 d5 3. exd5 Qxd5 4. d4 e6 5. Nf3 Nc6 6. Be2 Nf6 7. O-O Be7 8. Be3 cxd4
9. cxd4 O-O 10. Nc3 Qa5 11. Rc1 a6 12. a3 Nd5 13. Bd2 Qd8 14. b4 Nxc3 15. Bxc3 Bf6
16. Qd3 Ne7 17. Rfd1 Nd5 18. Bd2 b5 19. Ne5 Bb7 20. Bf3 Qd6 21. Ng4 Be7 22. g3 Rfc8
23. Bg2 Rxc1 24. Rxc1 Rc8 25. Rxc8+ Bxc8 26. Qc2 Bb7 27. Ne5 h6 28. Be4 Bf6 29. f4
Bxe5 30. fxe5 Qc6 31. Qc5 Qxc5 32. dxc5 Kf8 33. Kf2 Ke7 34. h4 Bc6 35. Bg2 h5 36.
Bg5+ Kd7 37. Bd2 g6 38. Bf3 Ke7 39. Bg5+ Kd7 40. Bd2 Ke7 41. Be2 Kd7 42. a4 Ke7 43.
axb5 axb5 44. g4 hxg4 45. Bxg4 Kf8 46. h5 gxh5 47. Bxh5 Ke7 48. Kg3 f6 49. exf6+
Kxf6 50. Bf3 Kf5 51. Kf2 Ke5 52. Bc3+ Nxc3 53. Bxc6 Na2 54. Bxb5 Nxb4 55. Bc4 Kd4
  1/2-1/2

[Event "2022 Welsh Open "]
[Site "Cardiff"]
[Date "2022.04.17"]
[Round "5"]
[Board "9"]
[White "Probert, Malcolm"]
[Black "Dixon, Chris"]
[Result "1/2-1/2"]
[WhiteElo "1575"]
[BlackElo "1735"]
[PlyCount "0"]
[EventDate "2022.04.15"]
[EventRounds "7"]
[EventCountry "WLS"]

1. Nf3 Nf6 2. g3 g6 3. Bg2 Bg7 4. O-O O-O 5. c4 d6 6. d4 Nc6 7. d5 Na5 8. Nfd2 c5
9. Nc3 Rb8 10. a3 Nd7 11. Qc2 b6 12. Rb1 Ne5 13. b3 a6 14. e4 e6 15. Ne2 exd5 16.
cxd5 Nb7 17. Bb2 b5 18. f4 Ng4 19. Bxg7 Kxg7 20. h3 Nf6 21. Rbd1 Kg8 22. b4 c4 23.
Nc3 Re8 24. Rfe1 Nh5 25. Kh2 f6 26. Nf3 Qc7 27. Nd4  1/2-1/2

[Event "2022 Welsh Open "]
[Site "Cardiff"]
[Date "2022.04.17"]
[Round "5"]
[Board "10"]
[White "Di-Vetta, Andrew"]
[Black "Chung, Ethan Cheung Jing"]
[Result "1-0"]
[WhiteElo "1726"]
[BlackElo "1554"]
[PlyCount "0"]
[EventDate "2022.04.15"]
[EventRounds "7"]
[EventCountry "WLS"]

1. Nf3 d5 2. b3 Bf5 3. Bb2 Nc6 4. e3 f6 5. Nh4 Bg6 6. Nxg6 hxg6 7. Qg4 Rh6 8. Bb5
e5 9. Qe6+ Nge7 10. c4 Qd7 11. Qxd7+ Kxd7 12. Nc3 dxc4 13. bxc4 Nf5 14. O-O-O a6
15. Ba4 Rd8 16. d4 Kc8 17. Bxc6 bxc6 18. dxe5 Rxd1+ 19. Kxd1 fxe5 20. Ne4 Rh4 21.
Nd2 Bd6 22. Ke2 e4 23. h3 Bb4 24. g3 Rh8 25. Nxe4 Re8 26. Ng5 Bd6 27. Rc1 Bc5 28.
Kf3 Re7 29. Ne4 Bb4 30. Rd1 Rf7 31. Kg2 Re7 32. Kf3 Rf7 33. Ke2 Re7 34. f3 Bd6 35.
g4 Ng3+ 36. Nxg3 Bxg3 37. Bd4 g5 38. Rd3 Bd6 39. c5 Bg3 40. Kf1 Rd7 41. Ra3 Kb7 42.
Kg2 Be1 43. Ra4 Re7 44. Kf1 Bg3 45. Ke2 Ka7 46. Bc3 Bf4 47. Re4 Rxe4 48. fxe4 Bg3
49. Bxg7 Kb7 50. Bf6 Bh4 51. e5 Kc8 52. e6  1-0

[Event "2022 Welsh Open "]
[Site "Cardiff"]
[Date "2022.04.17"]
[Round "5"]
[Board "11"]
[White "Sud, Arnav"]
[Black "Williams, Duncan"]
[Result "0-1"]
[WhiteElo "1425"]
[BlackElo "1725"]
[PlyCount "0"]
[EventDate "2022.04.15"]
[EventRounds "7"]
[EventCountry "WLS"]

1. e4 e5 2. Nf3 Nc6 3. Bc4 Nf6 4. Ng5 d5 5. exd5 Na5 6. Bb5+ c6 7. dxc6 bxc6 8. Be2
h6 9. Nf3 Bd6 10. O-O O-O 11. d3 Nd5 12. Re1 f5 13. c4 Nf6 14. a3 e4 15. Nd4 Bxh2+
16. Kxh2 Qxd4 17. Kg1 Ng4 18. Rf1 e3 19. fxe3 Nxe3 20. Bxe3 Qxe3+ 21. Kh1 Qd4 22.
Qc2 Rb8 23. Ra2 Nb3 24. Nd2 Qh4+ 25. Kg1 Nd4 26. Nf3 Qf6 27. Nxd4 Qxd4+ 28. Kh1 f4
29. b4 Qf6 30. Bf3 g5 31. g4 h5 32. Qg2 hxg4 33. Bxg4 Rf7 34. Bxc8 Rxc8 35. Qg4 Rh7+
36. Rh2 Rcc7 37. Rxh7 Rxh7+ 38. Kg2 Rh4 39. Qc8+ Kg7 40. Qd7+ Kh6 41. Rh1 Qb2+ 42.
Kf3 Rxh1 43. Qxc6+ Kh5 44. Qe8+ Kh4 45. Qf8 Rf1+ 46. Ke4 Re1+ 47. Kd5 Qe5+ 48. Kc6
Qe6+ 49. Kc7 Qe7+ 50. Qxe7 Rxe7+ 51. Kd6 Re3 52. c5 f3 53. d4 f2 54. d5 f1=Q 55.
c6 Qf8+ 56. Kd7 Qf7+   0-1

[Event "2022 Welsh Open "]
[Site "Cardiff"]
[Date "2022.04.17"]
[Round "5"]
[Board "12"]
[White "Larg, Richard"]
[Black "Jones, Jeremy"]
[Result "1/2-1/2"]
[WhiteElo "1645"]
[BlackElo "1580"]
[PlyCount "0"]
[EventDate "2022.04.15"]
[EventRounds "7"]
[EventCountry "WLS"]

1. d4 d5 2. c4 c6 3. Nf3 Nf6 4. e3 e6 5. Nc3 dxc4 6. Bxc4 b5 7. Bd3 Be7 8. Bd2 a6
9. Be2 Nbd7 10. a3 c5 11. Ng5 h6 12. Nge4 Nxe4 13. Nxe4 cxd4 14. exd4 Nf6 15. Nxf6+
Bxf6 16. Bf3 Ra7 17. Bc6+ Bd7 18. Bf3 O-O 19. Be3 a5 20. O-O Bg5 21. Qd2 Bxe3 22.
Qxe3 Qb6 23. b4 Bc6 24. Bxc6 Qxc6 25. d5 Qd7 26. dxe6 fxe6 27. Rfe1 axb4 28. axb4
Rxa1 29. Rxa1 Qd6 30. g3 e5 31. Ra7 Qd1+ 32. Kg2 Qd5+ 33. Kf1 Rf3 34. Qc5 Qxc5 35.
bxc5 Rc3 36. Rc7 b4 37. c6 b3 38. Rb7 Rxc6 39. Rxb3 Kf7 40. Rb5 Kf6 41. Kg2 g5 42.
Ra5 h5 43. h3 Rb6 44. Rc5 Ra6 45. g4 hxg4 46. hxg4 Rb6 47. Ra5 Rc6 48. Kg3 Rb6 49.
f3 Re6 50. Ra4 Rd6 51. Ra5 Re6 52. Ra8 Kf7 53. Kf2 e4 54. fxe4 Rxe4 55. Kf3 Rf4+
56. Kg3 Rb4 57. Ra5 Rb3+ 58. Kg2 Kg6 59. Ra6+ Kg7  1/2-1/2

[Event "2022 Welsh Open "]
[Site "Cardiff"]
[Date "2022.04.17"]
[Round "5"]
[Board "13"]
[White "Binesmael, Mohamed"]
[Black "Fowler, Caspian"]
[Result "0-1"]
[WhiteElo "1642"]
[BlackElo "1475"]
[PlyCount "0"]
[EventDate "2022.04.15"]
[EventRounds "7"]
[EventCountry "WLS"]

1. e4 e5 2. Nf3 Nc6 3. c3 Nf6 4. d4 exd4 5. e5 Nd5 6. cxd4 Bb4+ 7. Nbd2 d6 8. a3
Bxd2+ 9. Qxd2 O-O 10. Bc4 Nb6 11. Bd3 dxe5 12. dxe5 Re8 13. O-O Bg4 14. Ng5 h6 15.
Bh7+ Kf8 16. Qf4 Qxg5 17. Qg3 Qh5 18. f4 Bf5 19. Bxf5 Qxf5 20. b3 Rad8 21. Bb2 Rd3
22. Qe1 Rxb3 23. Bc3 Nd5 24. Bd2 Nd4 25. Rc1 Qd3 26. Rd1 Nc3 27. Bxc3 Qxc3 28. Qxc3
Ne2+ 29. Kh1 Nxc3 30. Rd3 Ke7 31. f5 Rb1 32. Rxb1 Nxb1 33. Kg1 Rd8 34. Rb3 Rd1+ 35.
Kf2 b6 36. Rg3 Kf8 37. Ke2 Rd5 38. Re3 c5 39. g4 c4 40. a4 c3 41. Rd3 Rxe5+ 42. Kd1
Rc5 43. Rd4 Nd2 44. Kc2 Ke7 45. h3 Nf1 46. Rd3 a6 47. Rf3 Nd2 48. Rd3 b5 49. axb5
axb5 50. Rxc3 Rxc3+ 51. Kxc3 Ne4+ 52. Kb4 Nf2 53. Kxb5 Nxh3 54. Kc5 Nf2 55. Kd5 Nxg4
56. Ke4 Kf6 57. Kf4 Ne3 58. Ke4 Nxf5 59. Kf4 g5+ 60. Kg4 Ne7 61. Kh5 Kf5  0-1

[Event "2022 Welsh Open "]
[Site "Cardiff"]
[Date "2022.04.17"]
[Round "5"]
[Board "14"]
[White "McGhee, David"]
[Black "Sipho, Donovan"]
[Result "1-0"]
[WhiteElo "1529"]
[BlackElo "1638"]
[PlyCount "51"]
[EventDate "2022.04.15"]
[EventRounds "7"]
[EventCountry "WLS"]

1. e4 c5 2. c3 e5 3. Nf3 Nc6 4. Bc4 Be7 5. O-O Nf6 6. Re1 O-O 7. d4 cxd4 8. cxd4
d6 9. h3 Na5 10. Bd3 Nc6 11. Be3 Qa5 12. a3 Rd8 13. d5 Nb8 14. Nc3 Rf8 15. b4 Qd8
16. Qd2 a6 17. Rec1 Ne8 18. Nd1 f5 19. Rab1 fxe4 20. Bxe4 Nd7 21. Qc2 Nef6 22. Ng5
Nb8 23. Bxh7+ Kh8 24. Bg6 Kg8 25. Rb3 Ng4 26. Bf7+  1-0

[Event "2022 Welsh Open "]
[Site "Cardiff"]
[Date "2022.04.17"]
[Round "5"]
[Board "15"]
[White "Wu, Yuxuan"]
[Black "Parri, Deio"]
[Result "1/2-1/2"]
[WhiteElo "1303"]
[BlackElo "1635"]
[PlyCount "82"]
[EventDate "2022.04.15"]
[EventRounds "7"]
[EventCountry "WLS"]

1. d4 d5 2. c4 e6 3. Nc3 Nf6 4. cxd5 exd5 5. Bg5 Be7 6. e3 O-O 7. Bd3 c6 8. Qc2 h6
9. Bh4 b6 10. h3 Bb7 11. Nf3 Na6 12. a3 c5 13. O-O c4 14. Be2 Nc7 15. Rfd1 b5 16.
b3 Re8 17. bxc4 dxc4 18. Bg3 Bd6 19. Bxd6 Qxd6 20. Ne5 Nd7 21. Bf3 Bxf3 22. Nxf3
Rab8 23. e4 Qg6 24. Qd2 Nf6 25. d5 Nxe4 26. Nxe4 Qxe4 27. d6 Ne6 28. Qa5 Red8 29.
Re1 Qb7 30. Rad1 Qb6 31. Qd2 c3 32. Qxc3 Rxd6 33. Ne5 Rxd1 34. Rxd1 Rd8 35. Rxd8+
Qxd8 36. Qb3 a6 37. Nc6 Qc7 38. Qd5 Nf8 39. Qc5 Ng6 40. h4 Qd7 41. g3 h5  1/2-1/2